| 000 | 02609cam a2200313 i 4500 | ||
|---|---|---|---|
| 001 | 991107459744006196 | ||
| 005 | 20260304160209.0 | ||
| 008 | 241108t20252024nyu g b 000 0 eng d | ||
| 010 | _a2024945323 | ||
| 020 |
_a9781685891374 _q(paperback) |
||
| 020 |
_a1685891373 _q(paperback) |
||
| 035 |
_a(OCoLC)1468460610 _z(OCoLC)1429636115 |
||
| 035 | _a(OCoLC)on1468460610 | ||
| 040 |
_aIG# _beng _erda _cIG# _dOCLCO _dOJ4 _dUOK _dYDX _dMNN _dOCLCO _dMNN _dIUK _dIG# _dCANPU _dCaOTSTM |
||
| 041 | _aEnglish | ||
| 050 | 4 |
_aHM851 _b.P47 2025 |
|
| 100 |
_aPepi, Mike, _eauthor. _926798 |
||
| 245 | 1 | 0 |
_aAgainst platforms _b: surviving digital utopia _c/ Mike Pepi. |
| 264 | 1 |
_aBrooklyn, NY : _bMelville House, _c[2025] |
|
| 300 |
_a209 pages ; _c21 cm |
||
| 504 | _aIncludes bibliographical references (pages 205-209). | ||
| 505 | 0 | _aThe utopia that never came — Data is never raw — The internet is not a "thing" — Technical solutions won't solve social problems — Decentralization is an illusion — Software is hard — Algorithms are made of people — Technology isn't given, it's made — Platforms are not institutions — After platforms. | |
| 520 |
_aA bold and imaginative critique of the hidden costs of digital life - and a manifesto for a better future... At the turn of the millennium, digital technologies seemed to have immense promise for transforming our society. With these powerful new tools, the thinking went, we would be free to live our best lives, connected to our communities in ways full of infinite potential. A quarter of a century on, this form of utopianism seems like a cruel mirage. Our lives are more fragmented and pressure-filled as ever, as we race to keep up with technologies that manipulate, command, and drain us at every turn. So what happened? In Against Platforms, technologist and creator Mike Pepi lays out an explanation of what went wrong - and a manifesto for putting it right. The key, says Pepi, is that we have been taught that digital technologies are neutral tools, transparent, easily understood, and here to serve us. The reality, Pepi says, is that they are laden with assumptions and collateral consequences - ideology, in other words. And it is this hidden ideology that must be dismantled if we are to harness technology for the fullest expression of our humanity -- _cprovided by publisher. |
||
| 650 | 0 |
_aInformation technology _xSocial aspects _97710 |
|
| 650 | 0 |
_aInformation technology - Political aspects. _926799 |
|
| 650 | 0 |
_aInternet _xSocial aspects _910777 |
|
| 650 | 0 |
_aInternet - Political aspects. _xPolitical aspects. |
|
| 942 | _2lcc | ||
| 999 |
_c5383 _d5383 |
||